Héros de la mythologie grecque - Statistiques

Statistiques générales
  • Ce quiz a été pris 3 069 fois
  • Le résultat moyen est 10 sur 15
Statistiques - réponses
Exploits Héros % Correct
Odyssée Ulysse
96%
Douze travaux Héraclès
90%
Guerre de Troie Achille
87%
Toison d'or Jason
87%
Sortie du labyrinthe Thésée
81%
Victoire sur le sphinx Oedipe
74%
Meurtre de Méduse Persée
73%
Pâris
65%
Hector
62%
Voyage aux Enfers Orphée
61%
Agamemnon
54%
Patrocle
45%
Ajax
42%
Ménélas
42%
Victoire sur la chimère Bellérophon
31%
Aucun quiz correspondant
Distribution des résultats
% des personnes avec chaque résultat
Percentile par nombre de réponses
Votre historique - résultats
Vous n’avez pas pris ce quiz